Vybrané faktory kvality nákupného rozhodovania

Poukázanie na hlavné faktory vstupujúce do procesu nákupného rozhodovania v súvislosti s rozvojom nových nákupných možností v podobe moderných obchodných systémov a foriem. Informačné správanie pri nákupe, zdroje informácií pre nákupné rozhodovanie. Vplyv miesta nákupu. Predajný efekt marketingovej...

Descrizione completa

Salvato in:
Dettagli Bibliografici
Autore principale: Labská, Helena
Altri autori: Richterová, Kornélia
Natura: Capitolo di libro
Lingua:slovacco
Soggetti:
Tags: Aggiungi Tag
Nessun Tag, puoi essere il primo ad aggiungerne!!

MARC

LEADER 00000naa$a2200000$$$4500
001 0090112
005 20240502072015.4
041 0 |a slo 
044 |a SK 
245 1 0 |a Vybrané faktory kvality nákupného rozhodovania  |c Helena Labská, Kornélia Richterová 
520 |a Poukázanie na hlavné faktory vstupujúce do procesu nákupného rozhodovania v súvislosti s rozvojom nových nákupných možností v podobe moderných obchodných systémov a foriem. Informačné správanie pri nákupe, zdroje informácií pre nákupné rozhodovanie. Vplyv miesta nákupu. Predajný efekt marketingovej komunikácie. Vnímané úžitky a hodnoty. 
610 2 0 |a predaj 
610 2 0 |a komunikácia marketingová 
610 2 0 |a informácie 
610 2 0 |a tovar 
610 2 0 |a nákup 
610 2 0 |a zákazníci 
610 2 0 |a rozhodovanie 
100 1 |a Labská, Helena 
700 1 |a Richterová, Kornélia